Kraje położone najbliżej Bułgarii - Statystyki

Ogólne statystyki
  • Ten quiz został rozwiązany 208 razy
  • Średni wynik to 18 z 20
Statystyki odpowiedzi
km kraj % Poprawnych
0 Grecja
97%
0 Rumunia
97%
0 Serbia
95%
0 Turcja
95%
533 Polska
94%
497 Słowacja
94%
164 Mołdawia
92%
535 Słowenia
92%
54 Kosowo
91%
148 Ukraina
91%
258 Węgry
91%
148 Albania
90%
640 Czechy
90%
0 Macedonia Północna
90%
315 Chorwacja
86%
175 Czarnogóra
86%
221 Bośnia i Hercegowina
83%
358 Rosja
83%
400 Włochy
83%
570 Austria
82%
Nie znaleziono quizów pasujących do podanych kryteriów
Rozkład punktacji
Procent ludzi z każdym wynikiem
Percentyl według liczby udzielonych odpowiedzi
Twoja historia wyników
Nie rozwiązałeś tego quizu